| 000 | 00440nam a2200145Ia 4500 | ||
|---|---|---|---|
| 008 | 230917s9999||||xx |||||||||||||| ||und|| | ||
| 040 |
_e164354 _aMAIN |
||
| 041 | _aEnglish | ||
| 082 | _a891.431731 CN397G | ||
| 100 | _aनरेन्द्र चंचल | ||
| 245 | 0 | _aगंधबाण | |
| 260 |
_aनई दिल्ली _bनेशनल पब्लिशिंग हाउस _c1981 |
||
| 300 | _a87पृ. p. | ||
| 942 | _cHN | ||
| 999 |
_c229520 _d229520 |
||